Pevná ruka Anojouovcov mocní panovníci na uhorskom tróne vládli viac ako sedemdesiat rokov

Bibliographic Details
Main Author: Švihran, Ladislav, 1931-2022 (Author)
Format: Article
Language:Slovak
PhysicalDescription:Fotogr.
ISSN:1210-2040
Subjects:

MARC

LEADER 00000nab a2200000 a 4500
001 vtls000836492
003 SK-MaSNL
005 20260304010008.0
008 180206c2003 xo 0 slo
015 |a SNBRB2003/06-16503 
035 |a CLN000188147 
040 |a SNKBUCL  |b slo  |c SNKBUCL  |e AACR2 
041 0 |a slo 
044 |a xo  |c SK 
080 |a 94(439.2)"12/13"  |2 UDC-MRF-SK2 
080 |a 929.52Anjou  |2 UDC-MRF-SK2 
100 1 |a Švihran, Ladislav,  |d 1931-2022  |4 aut  |9 110359 
245 1 0 |a Pevná ruka Anojouovcov  |b mocní panovníci na uhorskom tróne vládli viac ako sedemdesiat rokov  |c Ladislav Švihran 
300 |b Fotogr. 
600 3 7 |a Anjou (rod)  |2 snkbucl  |9 25309 
651 7 |a Uhorsko  |x dejiny  |y stor. 13.-14.  |2 snkbucl  |9 297810 
655 7 |a články z novín a časopisov  |2 snkbucl  |9 267496 
773 0 |x 1210-2040  |t Plus 7 dní  |g Roč. 13, č. 18 (2003), s. 42-44 
850 |a Slovenská národná knižnica v Martine 
852 |a SNK  |b KIS3GCP 
958 |a RBX 
999 |c 2558562  |d 2560492